01245naa a22003017a 4500001001000000003000900010005001700019007000300036008003400039040005400073041000900127072002000136090001800156100001600174111009300190245006700283260003900350500012400389650001700513650002500530650002400555650002500579773012100604909003600725942001400761999001900775952014900794BR8004416BR-BrBNA20240918174633.0ta230509b bl.||||| |||| 00| 0 por d aBR-BrBNAbporcBiblioteca Nacional de Agricultura a(Pt) aL10b5213bG514 aL10 BR80044161 aTundisi, A.1 a3. Simposio sobre Melhoramento Genetico de BovinoscJaboticabal, SP (Brazil)d8 Dec 19791 aAssociacao Brasileira dos Criadores de Canchim [gado de corte]3 aJaboticabal, SP (Brasil): c1980.  aAnais do 3. Simposio sobre Melhoramento Genetico de Bovinos Jaboticabal, SP (Brasil): 1980. p. 54-64 (BR8004416-AM)L10  aGADO CANCHIM aREGISTRO GENEALOGICO aMELHORAMENTO ANIMAL aINSTITUICAO AGRICOLA0 tAnais do 3. Simposio sobre Melhoramento Genetico de BovinoswL10 BR8004416gJaboticabal, SP (Brasil), 1980. p. 54-64 a202404bLuciac55dLucia Elande cAM2AGRIS c312512d312512 002AGRIS40708Acervo Gerala41918b41918cAgrobasel0o5213 BR8004412r2024-05-20t01yAM10d2024-04-11ePortaria Interministerial nÂș 164/94